00466nam a2200145Ia 4500003000200000005001700002008004100019020002200060050002400082100002200106245011600128260004200244300002500286650000900311020250428102211.0200922s9999 xx 000 0 und d a978-621-409-102-7 aBF 697 b.P156 2018 aPalean, Erland D. cErland D. Palean, Mylah B.D. Nazario, Ivan Khalil l. Descartin, et.al.aIntrospection:bunderstanding the self/ aManila:bBooks Atbp. Publishingc2018 ax, 275 pagesc25 cm. aSelf